Miesto a význam predmetu Marketing manažment študijného odboru Finančné riadenie podniku
Výučba a ciele predmetu Marketing manažment.
Saved in:
| Main Author: | |
|---|---|
| Format: | Book Chapter |
| Language: | Slovak |
| Subjects: | |
| Tags: |
No Tags, Be the first to tag this record!
|
MARC
| LEADER | 00000naa a2200000 4500 | ||
|---|---|---|---|
| 001 | 0167240 | ||
| 005 | 20240502072922.0 | ||
| 041 | 0 | |a slo | |
| 044 | |a SK | ||
| 245 | 1 | 0 | |a Miesto a význam predmetu Marketing manažment študijného odboru Finančné riadenie podniku |c Lenka Pčolinská |
| 520 | |a Výučba a ciele predmetu Marketing manažment. | ||
| 610 | 2 | 0 | |a univerzity |
| 610 | 2 | 0 | |a výučba vedecká |
| 610 | 2 | 0 | |a manažment finančný |
| 610 | 2 | 0 | |a marketing manažment |
| 610 | 2 | 0 | |a marketing medzinárodný |
| 100 | 1 | |a Pčolinská, Lenka | |